Random Translations Quiz #3 - Statistics

General Stats
  • This quiz has been taken 32,843 times
  • The average score is 14 of 24
Answer Stats
Language Word or Phrase Translation % Correct
Spanish Amiga Friend
98%
German Nein No
93%
Spanish ¡Un Momento, Por Favor! One Moment, Please!
93%
Italian Madre Mother
85%
German Sprechen Sie Deutsch? Do You Speak German?
81%
German Guten Tag Good Day
78%
French Nouveau New
77%
Russian Privet Hello
75%
Italian Mi Scusi Excuse Me
74%
French Je T'Aime I Love You
74%
Japanese Arigatō Thank You
72%
Spanish Abuelo Grandfather
61%
Polish Polska Poland
55%
Latin Vox Voice
52%
Greek Anthropos Man
44%
Italian Prima Donna First Lady
41%
Italian Venti Twenty
40%
Latin Cum Laude With Praise
38%
French Prix Fixe Fixed Price
37%
Latin Cogito Ergo Sum I Think, Therefore I Am
36%
German Ich Weiß Nicht I Don't Know
34%
Arabic Salām Peace
32%
German Wunderkind Child Prodigy
23%
Latin Exempli Gratia For Instance
18%
No matching quizzes found
Score Distribution
Percent of People with Each Score
Percentile by Number Answered
Your Score History
You have not taken this quiz